| 000 | 00742nam a2200205Ia 4500 | ||
|---|---|---|---|
| 001 | 9370 | ||
| 003 | GE_BSU | ||
| 008 | 181216s||||||||xx |||||||||||||| ||und|| | ||
| 040 | _cGE_BSU | ||
| 080 | _a821.353.1–1 | ||
| 100 | _aმალაზონია,ნესტორ | ||
| 245 | _aრჩეული ლექსები პოემები | ||
| 245 | _cრედ.ზ.ფირცხალაიშვილი,მხატვ.ზ.ხაბაძე,ო.წურქავა | ||
| 260 | _aბათუმი | ||
| 260 | _bსაბჭოთა აჭარა | ||
| 260 | _c1982 | ||
| 300 | _a231გვ.1ფ.პორტრ.17სმ. | ||
| 653 | _aრჩეული ლექსები პოემები | ||
| 942 | _cBK | ||
| 999 |
_c42666 _d42666 |
||